000 00671nam a22002171a 4500
003 OSt
005 20110718133202.0
008 091005s1988 001 0 eng d
020 _c0.00
040 _aNEGST Library - Kenya
_bDLC
_cDLC
_dDLC
050 4 _aREF BS 325.K374 1988
100 1 _aBible League of Ghana.
_97981
245 1 0 _aWe ni-duure tono.
260 _bBible League of Ghana,
_c1988.
300 _aviii, 676 p. : i.
500 _a"The New Testament in Kasem." - T.p. verso. [Africana]
600 1 0 _aBible. N.T. Kasem. 1988.
_97982
600 1 0 _aKasem language - Texts.
_97983
942 _2lcc
_cART
999 _c40161
_d40161